[Event "Kiel op-B 29th"]
[Site "Kiel"]
[Date "2016.07.31"]
[Round "3"]
[White "Dambrowski, Ralf"]
[Black "Bunke, Mike"]
[Result "1-0"]
[WhiteElo "1476"]
[BlackElo "1683"]
[PlyCount "66"]
[EventDate "2016.07.30"]
[EventType "swiss"]
[EventRounds "9"]
[EventCountry "GER"]
[SourceTitle "EXT 2017"]
[Source "ChessBase"]
[SourceDate "2016.10.25"]
[SourceVersion "1"]
[SourceVersionDate "2016.10.25"]
[SourceQuality "1"]

1. d4 f5 2. Nc3 Nf6 3. Bg5 e6 4. Bxf6 Qxf6 5. e4 Bb4 6. e5 Qe7 7. Qf3 d5 8. exd6 cxd6 9. Bb5+ Nd7 10. a3 Ba5 11. Nge2 d5 12. 0-0 0-0 13. Rfe1 a6 14. Ba4 Bc7 15. Nf4 Bxf4 16. Nxd5 Bxh2+ 17. Kxh2 Qh4+ 18. Kg1 Qxd4 19. Ne7+ Kh8 20. Nxc8 Qxa4 21. b3 Qc6 22. Qxc6 bxc6 23. Ne7 e5 24. Nxc6 e4 25. Rad1 Nf6 26. Nd4 f4 27. Ne6 Rf7 28. Nxf4 Raf8 29. Ne6 Re8 30. Rd8 Rxd8 31. Nxd8 Re7 32. Nc6 g5 33. Ne5 h5 1-0

[Event "Kiel op-B 28th"]
[Site "Kiel"]
[Date "2015.07.25"]
[Round "2"]
[White "Bunke, Mike"]
[Black "Borchert, Johann"]
[Result "0-1"]
[WhiteElo "1453"]
[BlackElo "1630"]
[PlyCount "76"]
[EventDate "2015.07.25"]
[EventType "swiss"]
[EventRounds "9"]
[EventCountry "GER"]
[SourceTitle "EXT 2017"]
[Source "ChessBase"]
[SourceDate "2016.10.25"]
[SourceVersion "1"]
[SourceVersionDate "2016.10.25"]
[SourceQuality "1"]

1. c4 e5 2. g3 Bc5 3. Bg2 c6 4. Nc3 Nf6 5. d3 h6 6. Nf3 Qb6 7. 0-0 Bd6 8. a3 0-0 9. b4 Qd8 10. Bb2 Re8 11. Nh4 Bc7 12. Nf5 d5 13. e4 d4 14. Ne2 b6 15. f4 c5 16. fxe5 Ng4 17. Nd6 Bxd6 18. exd6 Bb7 19. Bc1 Nd7 20. Nf4 Nde5 21. h3 Nf6 22. bxc5 bxc5 23. a4 Qxd6 24. Ba3 Bc6 25. Nd5 Nfd7 26. Bc1 Rab8 27. Bf4 Rb7 28. g4 Reb8 29. g5 hxg5 30. Bxg5 f6 31. Bf4 Bxd5 32. exd5 Rb3 33. Be4 Qe7 34. Kh1 Qf7 35. Rg1 f5 36. Bh6 g6 37. Rf1 Qh7 38. Qd2 fxe4 0-1

[Event "Kiel op-B 28th"]
[Site "Kiel"]
[Date "2015.07.25"]
[Round "1"]
[White "Sowa, Kay"]
[Black "Bunke, Mike"]
[Result "1-0"]
[WhiteElo "1689"]
[BlackElo "1453"]
[PlyCount "51"]
[EventDate "2015.07.25"]
[EventType "swiss"]
[EventRounds "9"]
[EventCountry "GER"]
[SourceTitle "EXT 2017"]
[Source "ChessBase"]
[SourceDate "2016.10.25"]
[SourceVersion "1"]
[SourceVersionDate "2016.10.25"]
[SourceQuality "1"]

1. d4 Nf6 2. c4 g6 3. Nc3 Bg7 4. e4 d6 5. Nf3 0-0 6. Be2 b6 7. 0-0 Bb7 8. d5 Nbd7 9. Bg5 Nc5 10. Qc2 Qd7 11. Rab1 a5 12. a3 a4 13. Nd2 e6 14. Be3 exd5 15. Bxc5 dxc5 16. cxd5 c6 17. Nxa4 Qc7 18. d6 Qxd6 19. Nxb6 Rad8 20. Rfd1 Qf4 21. Bf3 Ng4 22. Bxg4 Qxg4 23. Nf3 Bd4 24. b4 Qh5 25. Na4 f5 26. bxc5 1-0

[Event "Kiel op-B 26th"]
[Site "Kiel"]
[Date "2013.07.30"]
[Round "6"]
[White "Boyens, Jessica"]
[Black "Bunke, Mike"]
[Result "0-1"]
[WhiteElo "1151"]
[BlackElo "1320"]
[PlyCount "106"]
[EventDate "2013.07.27"]
[EventType "swiss"]
[EventRounds "9"]
[EventCountry "GER"]
[SourceTitle "EXT 2018"]
[Source "ChessBase"]
[SourceDate "2017.10.13"]
[SourceVersion "1"]
[SourceVersionDate "2017.10.13"]
[SourceQuality "1"]

1. c4 Nf6 2. Nc3 g6 3. d4 Bg7 4. Nf3 d6 5. e3 0-0 6. Be2 c5 7. d5 e6 8. e4 exd5 9. exd5 Re8 10. 0-0 Nbd7 11. Bf4 Ne5 12. Nxe5 dxe5 13. Bg5 a6 14. a4 Qd6 15. Bxf6 Bxf6 16. Ne4 Qb6 17. b3 Bg7 18. Ra2 f5 19. Nd2 e4 20. Qb1 Qd6 21. Kh1 Be5 22. g3 g5 23. Bh5 Re7 24. Qc1 g4 25. Nb1 Kg7 26. Qg5+ Kh8 27. Kg2 Rg7 28. Qc1 h6 29. h4 gxh3+ 30. Kh1 Bd7 31. Nc3 Rag8 32. Rg1 Rg5 33. Bd1 h5 34. Ne2 h4 35. Qe3 hxg3 36. fxg3 Bxg3 37. Nxg3 Rxg3 38. Rxg3 Rxg3 39. Qe1 Qe5 40. Re2 Be8 41. Re3 Rxe3 42. Qxe3 h2 43. Qh3+ Kg7 44. Qxh2 Qxh2+ 45. Kxh2 Kf6 46. Kg3 Ke5 47. Kf2 f4 48. Ke2 Bh5+ 49. Kd2 f3 50. Ke1 e3 51. Bc2 f2+ 52. Kf1 Kf4 53. Kg2 Be2 0-1